| 000 | 00653nam a2200229Ia 4500 | ||
|---|---|---|---|
| 005 | 20260320201936.0 | ||
| 008 | 008 262003s9999 xx 000 0 eng d | ||
| 037 | _aEBOOK | ||
| 040 | _aCRL | ||
| 040 | _beng | ||
| 040 | _cCRL | ||
| 041 | _2eng | ||
| 041 | _aeng | ||
| 084 | _qCRL | ||
| 100 |
_aLens _91136377 |
||
| 245 | 0 | _aProcedural 3D Modeling Using Geometry Nodes in Blender: Discover the node-based workflow for physics-based and procedural modeling using Blender 4.5 LTS | |
| 260 | _bIEEE | ||
| 856 | _uhttps://ieeexplore.ieee.org/servlet/opac?bknumber=11297074 | ||
| 942 | _cEBOOK | ||
| 999 |
_c1724408 _d1724408 |
||